[Event "Hofheim Spring op-B 6th"]
[Site "Hofheim"]
[Date "2018.04.07"]
[Round "8"]
[White "Henkel, Volker"]
[Black "Spreer, Lutz"]
[Result "1-0"]
[WhiteElo "1879"]
[BlackElo "1679"]
[PlyCount "147"]
[EventDate "2018.04.03"]
[EventType "swiss"]
[EventRounds "9"]
[EventCountry "GER"]
[SourceTitle "EXT 2020"]
[Source "ChessBase"]
[SourceDate "2019.10.17"]
[SourceVersion "1"]
[SourceVersionDate "2019.10.17"]
[SourceQuality "1"]

1. d4 b6 2. c4 e6 3. Nf3 Bb7 4. Nc3 Nf6 5. Bg5 Be7 6. e3 0-0 7. Be2 d6 8. 0-0 Nbd7 9. Qc2 c5 10. Rad1 Rc8 11. b3 h6 12. Bh4 d5 13. Qb2 Ne4 14. Bxe7 Qxe7 15. Nb1 Qf6 16. Nbd2 Qg6 17. Bd3 f5 18. Rfe1 Ng5 19. Nxg5 Qxg5 20. Bf1 f4 21. Nf3 Qg6 22. Qb1 Qg4 23. h3 Qh5 24. exf4 Rxf4 25. Rxe6 dxc4 26. Bxc4 Kh8 27. d5 Rcf8 28. Qg6 Qxg6 29. Rxg6 Nf6 30. Ne5 Kh7 31. Rg3 Ne4 32. Ng6 Nxg3 33. Nxf8+ Rxf8 34. fxg3 Kg6 35. Rd3 Re8 36. Kf2 Kf5 37. Rf3+ Kg6 38. g4 h5 39. gxh5+ Kxh5 40. Rf7 Bc8 41. Rxg7 a5 42. Kf3 Kh6 43. Rc7 Kg5 44. Rc6 Bf5 45. Rxb6 Be4+ 46. Kg3 Rg8 47. d6 Rg7 48. Kf2 Kf5 49. g3 Ke5 50. g4 Rd7 51. Bb5 Rf7+ 52. Ke2 Bg2 53. Be8 Rf4 54. d7 Rd4 55. h4 Bh3 56. Rg6 Kf4 57. Rf6+ Ke4 58. g5 Bg4+ 59. Kf2 Bxd7 60. Bxd7 Rxd7 61. Ke2 Rh7 62. Rh6 Re7 63. Kd2 Rf7 64. Kc3 Kd5 65. g6 Rf3+ 66. Kb2 Rf2+ 67. Ka3 Rf4 68. Rh5+ Kd6 69. g7 Rg4 70. Rg5 Rxh4 71. g8Q c4 72. Qd5+ Ke7 73. Re5+ Kf6 74. Qd6+ 1-0

[Event "Hofheim Spring op-B 5th"]
[Site "Hofheim"]
[Date "2017.04.11"]
[Round "9"]
[White "Triantafillidis, Simeon"]
[Black "Henkel, Volker"]
[Result "1/2-1/2"]
[WhiteElo "1748"]
[BlackElo "1884"]
[PlyCount "53"]
[EventDate "2017.04.07"]
[EventType "swiss"]
[EventRounds "9"]
[EventCountry "GER"]
[SourceTitle "CBM 178 Extra"]
[Source "ChessBase"]
[SourceDate "2017.06.22"]
[SourceVersion "1"]
[SourceVersionDate "2017.06.22"]
[SourceQuality "1"]

1. e4 e6 2. d4 d5 3. exd5 exd5 4. c4 Nf6 5. Nc3 c6 6. Bg5 Be7 7. Nf3 Be6 8. Qb3 Na6 9. Bxf6 gxf6 10. c5 Rb8 11. Bd3 Nxc5 12. dxc5 d4 13. Bc4 Bxc4 14. Qxc4 dxc3 15. Qxc3 Qd5 16. Rc1 Qe4+ 17. Qe3 Qxe3+ 18. fxe3 Rg8 19. Kf2 Rd8 20. b4 Rg4 21. Nd4 f5 22. a3 Bf6 23. Nxf5 Rd2+ 24. Kf3 Rgxg2 25. Nd6+ Ke7 26. Nxb7 Ke6 27. Rcd1 1/2-1/2

[Event "Niedersachsen-ch op-C"]
[Site "Verden"]
[Date "2017.01.06"]
[Round "4"]
[White "Moerke, Niklas"]
[Black "Henkel, Volker"]
[Result "1/2-1/2"]
[WhiteElo "1552"]
[BlackElo "1905"]
[PlyCount "55"]
[EventDate "2017.01.05"]
[EventType "swiss"]
[EventRounds "7"]
[EventCountry "GER"]
[SourceTitle "CBM 187 Extra"]
[Source "ChessBase"]
[SourceDate "2018.11.04"]
[SourceVersion "1"]
[SourceVersionDate "2018.11.04"]
[SourceQuality "1"]

1. e4 e6 2. d4 d5 3. exd5 exd5 4. Bd3 Bd6 5. Nf3 Ne7 6. 0-0 Bf5 7. Bxf5 Nxf5 8. Re1+ Ne7 9. b3 0-0 10. Ba3 Ng6 11. Bxd6 Qxd6 12. Ne5 Nc6 13. Nxg6 Qxg6 14. c3 Rfe8 15. Nd2 Re6 16. Rxe6 Qxe6 17. Qe1 Re8 18. Qxe6 Rxe6 19. Kf1 f6 20. Re1 Kf7 21. Rxe6 Kxe6 22. Ke2 b5 23. b4 a5 24. bxa5 Nxa5 25. Nb3 Nb7 26. Ke3 Kd6 27. g4 g6 28. h4 1/2-1/2

[Event "Hofheim Spring op-B 4th"]
[Site "Hofheim"]
[Date "2016.04.02"]
[Round "9"]
[White "Henkel, Volker"]
[Black "Barisch, Florian"]
[Result "1/2-1/2"]
[WhiteElo "1867"]
[BlackElo "1911"]
[PlyCount "83"]
[EventDate "2016.03.30"]
[EventType "swiss"]
[EventRounds "9"]
[EventCountry "GER"]
[SourceTitle "EXT 2018"]
[Source "ChessBase"]
[SourceDate "2017.10.13"]
[SourceVersion "1"]
[SourceVersionDate "2017.10.13"]
[SourceQuality "1"]

1. d4 Nf6 2. c4 e6 3. Nc3 d5 4. cxd5 exd5 5. Bg5 Be7 6. Qc2 0-0 7. e3 c6 8. Bd3 Nbd7 9. Nge2 Re8 10. 0-0 Nf8 11. Rad1 Be6 12. f3 Qa5 13. Bh4 Rac8 14. Qd2 Qb6 15. Kh1 Rcd8 16. a3 Rc8 17. b4 Bd7 18. Na4 Qc7 19. Rc1 Red8 20. Nf4 Qb8 21. Nc5 h6 22. Bg3 Bd6 23. Ne2 Bxg3 24. Nxg3 Ne6 25. Qf2 Nxc5 26. Rxc5 Qd6 27. Rfc1 Re8 28. R5c3 g6 29. Nf1 Kg7 30. Kg1 Qb8 31. Qb2 Red8 32. a4 Re8 33. Rc5 Red8 34. Kf2 Re8 35. R1c2 Red8 36. b5 Qd6 37. Qc1 Qe6 38. bxc6 Bxc6 39. Bb5 Nd7 40. R5c3 Nb8 41. Rc5 Nd7 42. R5c3 1/2-1/2

[Event "Hofheim Spring op-B 4th"]
[Site "Hofheim"]
[Date "2016.03.30"]
[Round "1"]
[White "Neagu, Liviu1111"]
[Black "Henkel, Volker"]
[Result "0-1"]
[WhiteElo "1645"]
[BlackElo "1867"]
[PlyCount "48"]
[EventDate "2016.03.30"]
[EventType "swiss"]
[EventRounds "9"]
[EventCountry "GER"]
[SourceTitle "EXT 2018"]
[Source "ChessBase"]
[SourceDate "2017.10.13"]
[SourceVersion "1"]
[SourceVersionDate "2017.10.13"]
[SourceQuality "1"]

1. d4 d5 2. c4 c6 3. e3 Nf6 4. Bd3 Bg4 5. f3 Bh5 6. Qb3 Qb6 7. Nc3 e6 8. Qc2 Bg6 9. b3 Nbd7 10. Nge2 Bxd3 11. Qxd3 Be7 12. 0-0 0-0 13. e4 dxc4 14. bxc4 Ne5 15. Qc2 Nxc4 16. Na4 Qa6 17. Bg5 Na3 18. Qd1 Rad8 19. e5 Nd5 20. Bxe7 Nxe7 21. Nc5 Qb6 22. Qd3 Qxc5 23. Rac1 Qa5 24. Rc3 Nb5 0-1

[Event "Niedersachsen-ch op-B"]
[Site "Verden"]
[Date "2016.01.05"]
[Round "5"]
[White "Henkel, Volker"]
[Black "Nordhorn, Horst"]
[Result "1-0"]
[WhiteElo "1898"]
[BlackElo "1772"]
[PlyCount "55"]
[EventDate "2016.01.03"]
[EventType "swiss"]
[EventRounds "7"]
[EventCountry "GER"]
[SourceTitle "EXT 2018"]
[Source "ChessBase"]
[SourceDate "2017.10.13"]
[SourceVersion "1"]
[SourceVersionDate "2017.10.13"]
[SourceQuality "1"]

1. d4 b5 2. e4 Bb7 3. Bd3 f5 4. Qe2 a6 5. Nf3 fxe4 6. Bxe4 d5 7. Bd3 Nc6 8. c3 Nf6 9. Bg5 Qd6 10. Nbd2 Nd7 11. Bh4 0-0-0 12. Bg3 Qf6 13. a4 g5 14. axb5 axb5 15. Bxb5 Nb6 16. 0-0 Rg8 17. Ne5 Nxe5 18. Bxe5 Qf7 19. Nb3 c6 20. Ba6 e6 21. Na5 Rd7 22. Nxb7 Rxb7 23. Bxb7+ Qxb7 24. Qa6 Be7 25. Rfe1 Qxa6 26. Rxa6 Kb7 27. Rea1 Ra8 28. Rxb6+ 1-0

[Event "Niedersachsen-ch op-B"]
[Site "Verden"]
[Date "2016.01.03"]
[Round "1"]
[White "Henkel, Volker"]
[Black "Rossberg, Jonathan"]
[Result "1/2-1/2"]
[WhiteElo "1898"]
[BlackElo "1746"]
[PlyCount "93"]
[EventDate "2016.01.03"]
[EventType "swiss"]
[EventRounds "7"]
[EventCountry "GER"]
[SourceTitle "EXT 2018"]
[Source "ChessBase"]
[SourceDate "2017.10.13"]
[SourceVersion "1"]
[SourceVersionDate "2017.10.13"]
[SourceQuality "1"]

1. d4 Nf6 2. c4 g6 3. Nc3 d5 4. Nf3 Bg7 5. Qb3 dxc4 6. Qxc4 0-0 7. e4 a6 8. Bf4 b5 9. Qxc7 Qxc7 10. Bxc7 Bb7 11. Be2 Nxe4 12. 0-0 Rc8 13. Ba5 Nc6 14. Bb6 Nb4 15. a3 Nxc3 16. bxc3 Nd5 17. Bc5 Nxc3 18. Bd3 Nd5 19. Rab1 Nf4 20. Rbd1 Bxf3 21. gxf3 Nxd3 22. Rxd3 e5 23. Rfd1 exd4 24. Bxd4 Bxd4 25. Rxd4 Rc3 26. a4 Rc4 27. Rxc4 bxc4 28. Rc1 Rc8 29. Kf1 Kg7 30. Ke2 Kf6 31. Ke3 Ke5 32. f4+ Kd5 33. Rd1+ Kc5 34. Rd7 Kb4 35. Kd2 Kxa4 36. Kc3 Kb5 37. Rxf7 h5 38. f5 gxf5 39. Rxf5+ Rc5 40. Rf8 a5 41. f4 a4 42. f5 Kc6 43. f6 Kd7 44. Ra8 Rf5 45. Rxa4 Rf3+ 46. Kd4 c3 47. Rc4 1/2-1/2

[Event "Hessen-chB"]
[Site "Korbach"]
[Date "2013.03.30"]
[Round "6"]
[White "Kuehn, Thomas"]
[Black "Henkel, Volker"]
[Result "0-1"]
[WhiteElo "1913"]
[BlackElo "1950"]
[PlyCount "64"]
[EventDate "2013.03.27"]
[EventType "swiss"]
[EventRounds "7"]
[EventCountry "GER"]
[SourceTitle "EXT 2014"]
[Source "ChessBase"]
[SourceDate "2013.11.20"]
[SourceVersion "1"]
[SourceVersionDate "2013.11.20"]
[SourceQuality "1"]

1. f4 e5 2. fxe5 d6 3. exd6 Bxd6 4. Nf3 g5 5. g3 g4 6. Nh4 Ne7 7. d4 Ng6 8. Nxg6 hxg6 9. Qd3 Nc6 10. Bd2 Nxd4 11. Bg2 Nf5 12. e4 Ne7 13. Bc3 Rh5 14. Nd2 Nc6 15. Nc4 Be6 16. Nxd6+ Qxd6 17. Qxd6 cxd6 18. 0-0-0 0-0-0 19. Bf6 Rd7 20. Rd3 d5 21. exd5 Bxd5 22. Bxd5 Rhxd5 23. Rxd5 Rxd5 24. Rf1 Rf5 25. Rxf5 gxf5 26. c3 Kd7 27. Kd2 Ke6 28. Bd4 b6 29. Ke3 f6 30. a4 Ne5 31. b4 Nf3 32. h3 Nxd4 0-1

[Event "Werther Schloss op-B 10th"]
[Site "Werther"]
[Date "2004.04.03"]
[Round "3"]
[White "Henkel, Volker"]
[Black "Aleanakian, Gabriel"]
[Result "1-0"]
[WhiteElo "1855"]
[BlackElo "1557"]
[PlyCount "39"]
[EventDate "2004.04.02"]
[EventType "swiss"]
[EventRounds "5"]
[EventCountry "GER"]
[SourceTitle "EXT 2006"]
[Source "ChessBase"]
[SourceDate "2005.11.24"]
[SourceVersion "1"]
[SourceVersionDate "2005.11.24"]
[SourceQuality "1"]

1. d4 c5 2. d5 Nf6 3. c4 b5 4. cxb5 Bb7 5. Nc3 e6 6. e4 a6 7. bxa6 Nxa6 8. Nf3 exd5 9. exd5 Nb4 10. Bc4 Bd6 11. 0-0 0-0 12. Re1 Re8 13. Rxe8+ Qxe8 14. Be3 Ng4 15. Qd2 Ne5 16. Nxe5 Qxe5 17. g3 Qf5 18. Rd1 Nc2 19. Bd3 Qf3 20. Bxc2 1-0

[Event "Werther Schloss op-B 10th"]
[Site "Werther"]
[Date "2004.04.02"]
[Round "1"]
[White "Henkel, Volker"]
[Black "Beckmann, Hartmut"]
[Result "1-0"]
[WhiteElo "1855"]
[BlackElo "1661"]
[PlyCount "41"]
[EventDate "2004.04.02"]
[EventType "swiss"]
[EventRounds "5"]
[EventCountry "GER"]
[SourceTitle "EXT 2006"]
[Source "ChessBase"]
[SourceDate "2005.11.24"]
[SourceVersion "1"]
[SourceVersionDate "2005.11.24"]
[SourceQuality "1"]

1. d4 d5 2. c4 e6 3. Nc3 Nf6 4. cxd5 exd5 5. Bg5 Be7 6. e3 0-0 7. Nf3 Bg4 8. Qb3 Nbd7 9. Ne5 Be6 10. Nd3 b6 11. Be2 c5 12. Nf4 cxd4 13. exd4 h6 14. Bh4 b5 15. 0-0 b4 16. Na4 Bf5 17. Bd3 Bxd3 18. Nxd3 a5 19. Rac1 Nb6 20. Ne5 g5 21. Nc6 1-0